000 00245nam a2200097Ia 4500
001 754539
005 20250826164742.0
008 250824s9999 xx 000 0 und d
245 0 _aMUTLULUK SAĞLIKTIR
_cSEFA SAYGILI
260 _bYEDİVEREN YAYINLARI
999 _c754539
_d754539